| 000 | 01329nam a2200325 a 4500 | ||
|---|---|---|---|
| 001 | 000014919 | ||
| 005 | 20260527074041.0 | ||
| 008 | 100127s2007 dr 000 0 spa d | ||
| 020 | _z97899934627 | ||
| 040 |
_aDO-SdBNP _bspa _cBNPHU |
||
| 082 |
_a320.97293 _bF363r |
||
| 100 | 1 |
_aFernández, Rafael _933778 |
|
| 245 | 1 | 0 |
_aRadiografías y artículos periodísticos / _cRafael Fernández ; introducción Héctor Aquino. |
| 246 | 1 | 4 | _aRadiografías y articulaciones periodísticas |
| 260 |
_aSanto Domingo : _bUASD, _c2007. |
||
| 300 |
_a134p. ; _c20 cm. |
||
| 490 | 1 |
_aPublicaciones de la Universidad Autónoma de Santo Domingo _v1372 |
|
| 490 | 1 |
_aDerecho y política _v21 |
|
| 590 | _aInventariado, 2018/ YL | ||
| 500 | _aIncluye datos biográficos del autor en la contracubierta | ||
| 651 | 0 |
_aRepública Dominicana _xPolítica y gobierno _945 |
|
| 650 | 0 |
_aPartidos políticos _zRepública Dominicana _9285 |
|
| 651 | 4 |
_aRepública Dominicana _xAspectos Políticos _933779 |
|
| 651 | 4 |
_aRepública Dominicana _xCondiciones Sociales _946 |
|
| 700 | 1 | 2 |
_aAquino, Héctor _933780 |
| 710 | 1 | 2 |
_aUniversidad Autónoma de Santo Domingo _972951 |
| 830 | 0 |
_aPublicaciones de la Universidad Autónoma de Santo Domingo _n1372 _933781 |
|
| 830 | 0 |
_aDerecho y política _n21 _933782 |
|
| 910 | _aValidado. Control de calidad BNPHU | ||
| 999 |
_c14499 _d14499 |
||